00564 2200157 4500001002100000005001500021035002000036007000300056008003900059100001700098245017700115260003900292082002200331084002800353856002500381INLIS00000000000198720200203111647 a0010-0220000004ta200203 | | | 0 aYUSRI FAUZAN1 aHubungan Pekerjaan Dan Pola Hidup Dengan Kejadian Penyakit Malaria Wilayah Kerja Puskesmas Jambi Kecil Kabupaten Muaro Jambi :bSkripsi Kesehatan Masyarakat /cYUSRI FAUZAN aJAMBI :bSTIKES PRIMA JAMBI,c2013 a616.907 259 815 4 a616.907 259 815 4 YUS h aKesehatan Masyarakat